Doctrina Procesal Penal 2008

Sábháilte in:
Sonraí bibleagrafaíochta
Údar corparáideach: Defensoría Penal Pública (Údar)
Formáid: LEABHAR
Teanga:Spáinnis
Foilsithe / Cruthaithe: Santiago Centro de Documentación Defensoría Penal Pública 2009
Eagrán:1a. ed
Sraith:Informes en Derecho, 6
Ábhair:
Clibeanna: Cuir clib leis
Níl clibeanna ann, Bí ar an gcéad duine le clib a chur leis an taifead seo!

MARC

LEADER 00000cam a2200000 a 4500
001 UCD9006
003 CL-VaPUC
008 170602e20090000cl |||||||||||||||||spa|d
020 |a 9789568349226 
082 0 4 |a 345.8305  |b DEF  |2 21 
110 2 |a Defensoría Penal Pública  |e author  |9 592654 
245 1 0 |a Doctrina Procesal Penal 2008 
250 |a 1a. ed 
300 |a 147 p 
942 |c BK 
945 |d 20170602 23:29:00  |a dcastane 
260 |a Santiago  |b Centro de Documentación Defensoría Penal Pública  |c 2009 
650 0 |a Derecho procesal penal  |9 255496 
650 7 |a DERECHO PENAL  |2 CL-VaPUC  |9 11 
650 0 |a Reforma procesal penal   |9 471095 
583 |a last modification  |c 20170602 23:29:00  |k Rodrigo Vera 
490 0 |a Informes en Derecho, 6 
999 |c 368311  |d 368309 
952 |0 0  |1 0  |3 erb  |4 0  |6 345_830500000000000_DEF_2009  |7 0  |8 A  |9 483591  |a BIBDER  |b BIBDER  |i 5393051  |o 345.8305 DEF 2009  |p 5393051  |r 2023-01-25  |w 2019-11-24  |y BK  |z Catalogado en:20170602  |k DER